| 000 | 00848nac a22002171u 4500 | ||
|---|---|---|---|
| 010 | _a 93074093 | ||
| 020 | _a0030975611 | ||
| 082 | 0 | 0 |
_a658.5 _bG144 |
| 090 |
_c4314 _d4314 |
||
| 100 | _aGaither, Norman. | ||
| 245 | 1 | 0 |
_aProduction and operations management / _cNorman Gaither. |
| 250 |
_a6th ed. _bInternational ed. |
||
| 260 |
_aFort Worth : _bDryden Press, _cc1994. |
||
| 300 |
_axxvii, 948 p. : _bill. col. ill. ; _c27 cm. |
||
| 440 | 4 | _aThe Dryden Press series in management science and quantitative methods | |
| 500 | _aInternational Edition. | ||
| 504 | _aIncludes bibliographical references and index. | ||
| 650 | 0 | _aProduction management. | |
| 942 |
_cBB _k658.5G144 |
||
| 999 |
_c4314 _d4314 |
||